| 000 | 00483nam a2200181Ia 4500 | ||
|---|---|---|---|
| 003 | GCL | ||
| 005 | 20240530110900.0 | ||
| 008 | 140319s1962 xx 000 0 eng d | ||
| 040 |
_aGCL / _cGCL |
||
| 082 | 0 | 4 |
_a069.09/ _bB M |
| 100 | 1 | _aBayonne, Ville De | |
| 245 | 1 | 0 |
_aMUSEE Bonnat: _bCatalogue Sommaire / _cVille De Bayonne |
| 260 |
_aParis : _bMusees Nationaux، _c1962. |
||
| 300 |
_a98 p.; _c19 cm. |
||
| 650 | 0 | 4 | _aMUSEUMS |
| 650 | 0 | 4 | _a MUSEUM Cataloging |
| 942 |
_2ddc _cBK |
||
| 999 |
_c66114 _d66114 |
||